Comentarío filológico-linguístico de textos castellanos / (Record no. 82896)
[ view plain ]
| 000 -CABECERA | |
|---|---|
| campo de control de longitud fija | 00846nam a2200253 a 4500 |
| 005 - FECHA Y HORA DE LA ÚLTIMA TRANSACCIÓN | |
| campo de control | 20240813063740.0 |
| 008 - ELEMENTOS DE LONGITUD FIJA--INFORMACIÓN GENERAL | |
| campo de control de longitud fija | 010628s19952002mx r 000 0 spa d |
| 020 ## - NÚMERO INTERNACIONAL NORMALIZADO PARA LIBROS | |
| Número Internacional Estándar del Libro | 8474854172 |
| 035 ## - NÚMERO DE CONTROL DEL SISTEMA | |
| Número de control de sistema | UPN01000108985 |
| 049 ## - COLECCIÓN | |
| Colección | CG |
| 050 #4 - SIGNATURA TOPOGRÁFICA DE LA BIBLIOTECA DEL CONGRESO | |
| Número de clasificación | P211 |
| Número de documento/Ítem | U7.2 |
| 100 1# - ASIENTO PRINCIPAL--NOMBRE PERSONAL | |
| Nombre de persona | Urrutia Cárdenas, Hernán |
| 245 10 - MENCIÓN DE TÍTULO | |
| Título | Comentarío filológico-linguístico de textos castellanos / |
| Mención de responsabilidad, etc. | Hérnan Urrutía Cárdenas, Santiago Segura Munguía, Francisco J.Pueyo Mena. |
| 260 ## - PUBLICACIÓN, DISTRIBUCIÓN, ETC. | |
| Lugar de publicación, distribución, etc. | Bilbao, Esp. |
| Nombre del editor, distribuidor, etc. | Universidad de Deusto, |
| Fecha de publicación, distribución, etc. | 1995. (2002 reimp.) |
| 300 ## - DESCRIPCIÓN FÍSICA | |
| Extensión | 393 p. |
| 440 #0 - MENCIÓN DE SERIE/ASIENTO SECUNDARIO--TÍTULO | |
| Título | Serie letras |
| Designación de volumen o secuencia | 27 |
| 650 #4 - ASIENTO SECUNDARIO DE MATERIA - TERMINO TEMATICO | |
| Término de materia o nombre geográfico como elemento de entrada | ESPAÑOL - |
| Subdivisión general | GRAMATICA HISTORICA |
| 9 (RLIN) | 11738 |
| 650 #4 - ASIENTO SECUNDARIO DE MATERIA - TERMINO TEMATICO | |
| Término de materia o nombre geográfico como elemento de entrada | Español |
| Subdivisión general | Fonología |
| 9 (RLIN) | 16834 |
| 700 1# - ASIENTO SECUNDARIO--NOMBRE DE PERSONAL | |
| Nombre de persona | Segura Munguía, Santiago, |
| Término indicativo de función/relación | coaut. |
| 9 (RLIN) | 29992 |
| 710 2# - ASIENTO SECUNDARIO - NOMBRE CORPORATIVO | |
| Nombre de entidad corporativa o nombre de jurisdicción como elemento de entrada | Pueyo Mena, Francisco J., |
| Término indicativo de función/relación | coaut. |
| 901 ## - ELEMENTOS DE DATOS A LOCAL LDA (RLIN) | |
| a | 174107 |
| 902 ## - ELEMENTOS DE DATOS B LOCAL, LDB (RLIN) | |
| Creó | MCM/rrm |
| 905 ## - TIPO DE MATERIAL | |
| Tipo de material | Libro |
| Estado de retiro | Estado de pérdida | Fuente del sistema de clasificación o colocación | Estado dañado | No para préstamo | Código de colección | Localización permanente | Ubicación/localización actual | Ubicación en estantería | Total de préstamos | Clasificación | Código de barras | Fecha visto por última vez | Número de copia | Tipo de ítem Koha |
|---|---|---|---|---|---|---|---|---|---|---|---|---|---|---|
| Library of Congress Classification | Colección General | Bib. Gregorio Torres Quintero | Bib. Gregorio Torres Quintero | Planta baja | P211 U7.2 | 254350 | 31/12/2020 | 1 | Libro | |||||
| Library of Congress Classification | Colección General | Bib. Gregorio Torres Quintero | Bib. Gregorio Torres Quintero | Planta baja | P211 U7.2 | 254349 | 31/12/2020 | 1 | Libro | |||||
| Library of Congress Classification | Colección General | Bib. Gregorio Torres Quintero | Bib. Gregorio Torres Quintero | Planta baja | 1 | P211 U7.2 | 174107 | 31/12/2020 | 1 | Libro |
